| 000 | 00633nam a2200181 i 4500 | ||
|---|---|---|---|
| 001 | 97485 | ||
| 003 | ES-MaACL | ||
| 005 | 20250814063224.0 | ||
| 007 | t| | ||
| 008 | 050712s1978 sp ||||1| spa d | ||
| 100 | 1 |
_aMarcos Marín, Francisco, _d1946- _976535 |
|
| 245 | 1 | 0 |
_aAuge y declive de un núcleo mercantil y financiero de Castilla la Vieja _b: evolución demográfica de Medina del Campo durante los siglos XVI y XVII. |
| 260 |
_aValladolid : _bUniversidad, _c1978. |
||
| 300 |
_a351 p. ; _c24 cm. |
||
| 710 | 2 |
_aUniversidad de Valladolid. _97332 |
|
| 852 |
_aES-MaACL _jA-9776 _bR.99194 |
||
| 999 |
_c97485 _d97485 |
||